[Event "AUT-chT2W 1819"]
[Site "Austria"]
[Date "2018.12.08"]
[Round "4.5"]
[White "Ciolek, Andreas"]
[Black "Mitterwald, Johannes"]
[Result "1-0"]
[WhiteElo "2247"]
[BlackElo "2163"]
[PlyCount "55"]
[EventDate "2018.10.12"]
[EventType "team-tourn"]
[EventRounds "11"]
[EventCountry "AUT"]
[SourceTitle "CBM 189 Extra"]
[Source "ChessBase"]
[SourceDate "2019.06.03"]
[SourceVersion "1"]
[SourceVersionDate "2019.06.03"]
[SourceQuality "1"]
[WhiteTeam "Bregenz"]
[BlackTeam "Pradl"]
[WhiteTeamCountry "AUT"]
[BlackTeamCountry "AUT"]

1. e4 c5 2. Nf3 d6 3. Bb5+ Bd7 4. Bxd7+ Qxd7 5. c4 Nf6 6. Nc3 g6 7. d4 cxd4 8. Nxd4 Nc6 9. f3 Bg7 10. Be3 0-0 11. 0-0 Ne5 12. b3 a6 13. Qd2 e6 14. h3 Rfe8 15. Rad1 Rad8 16. Bg5 Qc7 17. f4 Nc6 18. Nxc6 Qxc6 19. e5 dxe5 20. Qxd8 Rxd8 21. Rxd8+ Ne8 22. Ne4 f6 23. Nxf6+ Bxf6 24. Bxf6 Kf7 25. fxe5 Qc5+ 26. Kh1 Nxf6 27. exf6 e5 28. Rd7+ 1-0

[Event "AUT-chT2W 1617"]
[Site "Austria"]
[Date "2017.01.22"]
[Round "8.4"]
[White "Mitterwald, Johannes"]
[Black "Kuecher, Wolfgang"]
[Result "1/2-1/2"]
[WhiteElo "2105"]
[BlackElo "2118"]
[PlyCount "64"]
[EventDate "2016.10.28"]
[EventType "team-tourn"]
[EventRounds "11"]
[EventCountry "AUT"]
[SourceTitle "CBM 177 Extra"]
[Source "ChessBase"]
[SourceDate "2017.04.27"]
[SourceVersion "1"]
[SourceVersionDate "2017.04.27"]
[SourceQuality "1"]
[WhiteTeam "Pradl"]
[BlackTeam "Ranshofen"]
[WhiteTeamCountry "AUT"]
[BlackTeamCountry "AUT"]

1. e4 g6 2. d4 Bg7 3. c4 c5 4. d5 d6 5. Nc3 Nf6 6. Nge2 e6 7. Ng3 exd5 8. cxd5 0-0 9. Be2 Re8 10. 0-0 Na6 11. Bg5 h6 12. Be3 Nc7 13. Qd2 Kh7 14. f3 Rb8 15. a4 a6 16. Rab1 b5 17. axb5 axb5 18. b4 c4 19. Rfe1 Nd7 20. f4 Qf6 21. e5 dxe5 22. Nce4 Qd8 23. f5 Nf6 24. Nxf6+ Bxf6 25. d6 Na8 26. fxg6+ fxg6 27. Rf1 Bg7 28. Rf7 Rb7 29. Rbf1 Rxf7 30. Rxf7 Be6 31. Rb7 Bd7 32. Ne4 Bc6 1/2-1/2

[Event "Landesliga Sued 1516"]
[Site "Bayern"]
[Date "2015.12.13"]
[Round "4.8"]
[White "Mitterwald, Johannes"]
[Black "Kalinin, Oleksandr"]
[Result "1-0"]
[WhiteElo "1940"]
[BlackElo "2009"]
[PlyCount "59"]
[EventDate "2015.10.11"]
[EventType "team-tourn"]
[EventRounds "9"]
[EventCountry "GER"]
[SourceTitle "EXT 2018"]
[Source "ChessBase"]
[SourceDate "2017.10.13"]
[SourceVersion "1"]
[SourceVersionDate "2017.10.13"]
[SourceQuality "1"]
[WhiteTeam "Kriegshaber"]
[BlackTeam "Muenchen 36"]
[WhiteTeamCountry "GER"]
[BlackTeamCountry "GER"]

1. e4 e6 2. f4 d5 3. e5 c5 4. Nf3 Nc6 5. c3 Qb6 6. Na3 Bd7 7. Nc2 Nge7 8. d4 Nf5 9. g4 Nh6 10. h3 Be7 11. Be2 0-0-0 12. dxc5 Bxc5 13. b4 Be7 14. Be3 Qc7 15. Ncd4 f6 16. Nxc6 Bxc6 17. Qd4 b6 18. a4 Kb8 19. a5 b5 20. a6 Nf7 21. Ra5 Qd7 22. Bxb5 Bxb5 23. Rxb5+ Qxb5 24. Qxa7+ Kc8 25. Bb6 Qc6 26. Nd4 Qxc3+ 27. Ke2 Qb2+ 28. Kf3 Qc3+ 29. Kf2 Qd2+ 30. Ne2 1-0